|
|
|
|
| LEADER |
01073nam a22002412a 4500 |
| 001 |
000096533 |
| 003 |
CZ BrMZK |
| 005 |
20051115094859.0 |
| 008 |
960707m19731976xr f cze d |
| 040 |
|
|
|a BOA001
|b cze
|
| 245 |
0 |
0 |
|a Staročeský slovník.
|n [Sv. 2.], [č.] 5.-8., Neosědlý-oborem /
|c hlavní red. Bohuslav Havránek ; věd. red. Jaromír Bělič
|
| 250 |
|
|
|a 1. vyd.
|
| 260 |
|
|
|a Praha :
|b Academia,
|c 1973-1976
|
| 300 |
|
|
|a S.593-1119
|
| 700 |
1 |
|
|a Bělič, Jaromír,
|d 1914-1977
|7 jk01011428
|4 red
|
| 700 |
1 |
|
|a Havránek, Bohuslav,
|d 1893-1978
|7 jk01040418
|4 red
|
| 710 |
2 |
2 |
|a Ústav pro jazyk český (Československá akademie věd)
|7 ko2004231861
|
| 910 |
|
|
|a BOA001
|b PK-0052.863,2
|
| 964 |
|
|
|a Staročeština - slovníky
|
| 990 |
|
|
|a BK
|
| 996 |
6 |
|
|b 3119940609
|c PK-0052.863,2
|l MZK
|r HSS 4p
|n 0
|h 811.162.3 STA
|w 000096533
|u 000030
|a 0
|e BOA001
|j MZK50
|s P
|
| 996 |
7 |
|
|b 3119959415
|c PK-0052.863,2
|l MZK
|r Sklad / do 1 hodiny
|n 8
|w 000096533
|u 000020
|a 1
|e BOA001
|j MZK50
|s A
|
| 996 |
7 |
|
|b 3119968513
|c PK-0052.863,2
|l MZK
|r Sklad / do 1 hodiny
|n 8
|w 000096533
|u 000010
|a 1
|e BOA001
|j MZK50
|s A
|